[Event "Szuperliga - GM Szabo Laszlo csoport"]
[Site "?"]
[Date "2024.11.03"]
[Round "2.9"]
[White "Megyaszai, Balazs"]
[Black "Matyassy, Lazar"]
[Result "1/2-1/2"]
[WhiteElo "2054"]
[BlackElo "2234"]
[PlyCount "177"]
[EventDate "2024.11.02"]
[EventType "team-tourn"]
[EventRounds "9"]
[Source "chess.hu"]
[SourceDate "2024.11.04"]
[WhiteTeam "Maroczy SE"]
[BlackTeam "MTK Budapest"]
[WhiteTeamCountry "HUN"]
[BlackTeamCountry "HUN"]

1. e4 e5 2. Nf3 Nc6 3. Bb5 Nf6 4. O-O Nxe4 5. Re1 Nd6 6. Nxe5 Nxe5 7. Rxe5+ Be7
8. Bf1 O-O 9. d4 Bf6 10. Re1 Nf5 11. c3 d5 12. Bf4 c6 13. Bd3 Nh4 14. Nd2 Bf5
15. Nf3 Bxd3 16. Qxd3 Ng6 17. Bg3 Qd7 18. Re2 Rfe8 19. Rae1 a6 20. h3 h6 21. a3
Rxe2 22. Rxe2 Rc8 23. Re3 Re8 24. Qe2 Rxe3 25. Qxe3 Kf8 26. Ne5 Bxe5 27. Bxe5
Qe6 28. Qg3 Kg8 29. Kh2 Qf5 30. f3 Qc2 31. h4 Qf5 32. Qe1 Qe6 33. Qg3 h5 34.
Qg5 Qe7 35. Qxh5 Qxh4+ 36. Qxh4 Nxh4 37. Kg3 Ng6 38. Bd6 f5 39. Kf2 Kf7 40. g3
Ke6 41. Bc5 Nh8 42. Ba7 g5 43. g4 Ng6 44. Bb8 Nf8 45. Kg3 Nd7 46. Bc7 Kf6 47.
Bd8+ Kg6 48. f4 gxf4+ 49. Kxf4 fxg4 50. Kxg4 Nf8 51. Bg5 Ne6 52. Be7 Kf7 53.
Bd6 Ke8 54. Kf5 Kd7 55. Be5 Nd8 56. Kf6 b6 57. Kf5 Nb7 58. b4 Nd8 59. a4 Nb7
60. Kf4 Nd8 61. Ke3 Nf7 62. Bf4 b5 63. axb5 cxb5 64. Kf3 Ke6 65. Kg4 Nd8 66.
Kg5 Nc6 67. Kg6 Ne7+ 68. Kg5 Nc8 69. Bc7 Kd7 70. Bf4 Nb6 71. Kf6 Na4 72. Bd2
Nb2 73. Kf7 Nd3 74. Be3 Ne1 75. Bd2 Nc2 76. Kf6 Na3 77. Kf7 Nc4 78. Bf4 Kc6 79.
Ke6 Na3 80. Bd2 Nc4 81. Bf4 a5 82. bxa5 Nxa5 83. Bd2 Nb3 84. Bh6 Na5 85. Bc1
Nc4 86. Bf4 Nb2 87. Bc1 Nd3 88. Bd2 Nf2 89. Ke5 1/2-1/2

[Event "Szuperliga - GM Szabo Laszlo csoport"]
[Site "?"]
[Date "2024.11.03"]
[Round "2.10"]
[White "Terbe, Zsuzsanna"]
[Black "Markus, Molli Amina"]
[Result "1-0"]
[WhiteElo "2160"]
[BlackElo "1862"]
[PlyCount "109"]
[EventDate "2024.11.02"]
[EventType "team-tourn"]
[EventRounds "9"]
[Source "chess.hu"]
[SourceDate "2024.11.04"]
[WhiteTeam "MTK Budapest"]
[BlackTeam "Maroczy SE"]
[WhiteTeamCountry "HUN"]
[BlackTeamCountry "HUN"]

1. d4 Nf6 2. c4 g6 3. Nc3 Bg7 4. e4 d6 5. Be2 O-O 6. Bg5 Na6 7. Qd2 e5 8. d5
Nc5 9. f3 a5 10. h4 c6 11. g4 cxd5 12. cxd5 Bd7 13. h5 b5 14. h6 Bh8 15. Nh3 b4
16. Nd1 Qb6 17. Nhf2 Rfc8 18. O-O Rc7 19. Ne3 Bb5 20. Rfc1 Rac8 21. b3 Nb7 22.
Bxb5 Qxb5 23. Rxc7 Rxc7 24. Rc1 Ne8 25. Rxc7 Nxc7 26. Qc2 Nc5 27. Nc4 Ne8 28.
Be3 Nd7 29. Nb2 Bf6 30. Qc8 Kf8 31. Nc4 Be7 32. Nd3 a4 33. Qc6 Qxc6 34. dxc6
Nb8 35. Nxb4 axb3 36. axb3 d5 37. Nxd5 Nxc6 38. Nxe7 Kxe7 39. b4 Nc7 40. Na3
Kd7 41. b5 Nd4 42. Bxd4 exd4 43. Kf2 Ne6 44. Nc4 Kc7 45. Ke2 Nf4+ 46. Kd2 f6
47. e5 f5 48. gxf5 gxf5 49. Nd6 Ng6 50. Nf7 Kd7 51. b6 Kc6 52. Kd3 Kxb6 53.
Kxd4 Kc6 54. e6 f4 55. Ke4 1-0

[Event "Szuperliga - GM Szabo Laszlo csoport"]
[Site "?"]
[Date "2024.11.03"]
[Round "2.1"]
[White "Mihok, Oliver"]
[Black "Parligras, Mircea-Emilian"]
[Result "1-0"]
[WhiteElo "2522"]
[BlackElo "2550"]
[PlyCount "77"]
[EventDate "2024.11.02"]
[EventType "team-tourn"]
[EventRounds "9"]
[Source "chess.hu"]
[SourceDate "2024.11.04"]
[WhiteTeam "Duocor-Makoi SVSE"]
[BlackTeam "ASE Paks"]
[WhiteTeamCountry "HUN"]
[BlackTeamCountry "HUN"]

1. e4 e5 2. Nf3 Nc6 3. Bb5 Nf6 4. d3 Bc5 5. Bg5 Nd4 6. Nxd4 Bxd4 7. c3 Bb6 8.
Nd2 h6 9. Bh4 c6 10. Ba4 d6 11. Nc4 Bc7 12. Ne3 Bb6 13. Qf3 g5 14. Bg3 Bxe3 15.
fxe3 Bg4 16. Qf2 Nh5 17. Bb3 Qe7 18. O-O Be6 19. Qf3 Nxg3 20. Qxg3 O-O-O 21.
Rf3 Rh7 22. Raf1 Rg8 23. Bxe6+ fxe6 24. Rf6 h5 25. d4 exd4 26. exd4 g4 27. e5
d5 28. b4 h4 29. Qd3 Rhg7 30. R1f4 a6 31. a4 Kb8 32. a5 Ka7 33. Qf1 Rg6 34. Qd3
Qe8 35. Qe2 R8g7 36. Qf1 Qh8 37. Rf8 Qh6 38. c4 Rg8 39. b5 1-0

[Event "Szuperliga - GM Szabo Laszlo csoport"]
[Site "?"]
[Date "2024.11.03"]
[Round "2.2"]
[White "Kozak, Adam"]
[Black "Kovacevic, Aleksandar"]
[Result "1-0"]
[WhiteElo "2591"]
[BlackElo "2447"]
[PlyCount "69"]
[EventDate "2024.11.02"]
[EventType "team-tourn"]
[EventRounds "9"]
[Source "chess.hu"]
[SourceDate "2024.11.04"]
[WhiteTeam "ASE Paks"]
[BlackTeam "Duocor-Makoi SVSE"]
[WhiteTeamCountry "HUN"]
[BlackTeamCountry "HUN"]

1. d4 Nf6 2. c4 e6 3. Nc3 Bb4 4. e3 O-O 5. Bd3 d5 6. a3 Bxc3+ 7. bxc3 dxc4 8.
Bxc4 c5 9. Ne2 Qc7 10. Ba2 e5 11. O-O Rd8 12. f3 Nc6 13. d5 Ne7 14. e4 Ng6 15.
Bg5 Rd6 16. c4 Bd7 17. Qd2 Ra6 18. Bb1 Ne8 19. Bd3 Nd6 20. Nc3 f5 21. Be3 f4
22. Bf2 Nf7 23. a4 Rf6 24. Qb2 Nd6 25. Qa3 b6 26. a5 Rb8 27. Rfb1 Rff8 28. Rb3
Ne7 29. Rab1 h6 30. Ne2 Rb7 31. Qb2 Ndc8 32. Nc3 Rf6 33. Nb5 Bxb5 34. Rxb5 Nd6
35. axb6 1-0

[Event "Szuperliga - GM Szabo Laszlo csoport"]
[Site "?"]
[Date "2024.11.03"]
[Round "2.3"]
[White "Pezelj, Novak"]
[Black "Papp, Gabor"]
[Result "1/2-1/2"]
[WhiteElo "2459"]
[BlackElo "2511"]
[PlyCount "66"]
[EventDate "2024.11.02"]
[EventType "team-tourn"]
[EventRounds "9"]
[Source "chess.hu"]
[SourceDate "2024.11.04"]
[WhiteTeam "Duocor-Makoi SVSE"]
[BlackTeam "ASE Paks"]
[WhiteTeamCountry "HUN"]
[BlackTeamCountry "HUN"]

1. d4 Nf6 2. Nf3 e6 3. e3 d5 4. Bd3 b6 5. O-O Bb7 6. b3 Bd6 7. Bb2 O-O 8. Nbd2
c5 9. Qe2 Nc6 10. a3 Rc8 11. Rfd1 Qe7 12. dxc5 Bxc5 13. b4 Bd6 14. c4 Bb8 15.
Rac1 Rfd8 16. cxd5 Nxd5 17. g3 Nf6 18. Ba6 Ne8 19. Rc3 Bxa6 20. Qxa6 Qd7 21.
Rdc1 Ne7 22. Rxc8 Rxc8 23. Rxc8 Qxc8 24. Qd3 f6 25. e4 Kf7 26. Qb3 Qd7 27. b5
Nd6 28. e5 Ne8 29. exf6 gxf6 30. a4 Qd5 31. Qc2 Qf5 32. Qc4 Nd6 33. Qh4 h5
1/2-1/2

[Event "Szuperliga - GM Szabo Laszlo csoport"]
[Site "?"]
[Date "2024.11.03"]
[Round "2.4"]
[White "Berkes, Ferenc"]
[Black "Horvath, Zsolt"]
[Result "1-0"]
[WhiteElo "2600"]
[BlackElo "2378"]
[PlyCount "139"]
[EventDate "2024.11.02"]
[EventType "team-tourn"]
[EventRounds "9"]
[Source "chess.hu"]
[SourceDate "2024.11.04"]
[WhiteTeam "ASE Paks"]
[BlackTeam "Duocor-Makoi SVSE"]
[WhiteTeamCountry "HUN"]
[BlackTeamCountry "HUN"]

1. g3 c5 2. Bg2 Nc6 3. c4 g6 4. Nc3 Bg7 5. d3 d6 6. e4 e6 7. Nge2 Nge7 8. O-O
O-O 9. Rb1 Rb8 10. a3 a5 11. Be3 e5 12. Qd2 Be6 13. Bh6 Qd7 14. Bxg7 Kxg7 15.
f4 f6 16. Rf2 Bh3 17. Rbf1 Bxg2 18. Kxg2 Nd4 19. h3 b6 20. g4 Rbe8 21. Ng3 Rb8
22. fxe5 dxe5 23. Nd5 Nxd5 24. cxd5 h6 25. Ne2 Rbc8 26. Qe3 Nb5 27. Rf3 Nd6 28.
Qf2 Qe7 29. Qe3 Qd7 30. b3 Rb8 31. Qf2 Qe7 32. h4 Rf7 33. Ng3 Rbf8 34. Kh3 Qd7
35. h5 g5 36. b4 Qc7 37. bxc5 bxc5 38. Rb1 Rc8 39. Qb2 c4 40. Qb6 Qxb6 41. Rxb6
c3 42. Rxd6 c2 43. Ne2 c1=Q 44. Nxc1 Rxc1 45. Ra6 Ra1 46. Rxa5 Rc7 47. Kg2 Rcc1
48. Ra7+ Kg8 49. Rf2 Rg1+ 50. Kf3 Rad1 51. Rc2 Rgf1+ 52. Ke3 Rfe1+ 53. Re2 Rg1
54. Rc2 Rge1+ 55. Kf3 Rf1+ 56. Rf2 Rg1 57. Ra6 Kg7 58. a4 Rxd3+ 59. Ke2 Rdd1
60. a5 Rge1+ 61. Kf3 Kf7 62. Rb6 Rd3+ 63. Kg2 Rxe4 64. Rbxf6+ Ke7 65. Re6+ Kd8
66. Rf8+ Kd7 67. Rf7+ Kd8 68. Rxh6 Rxg4+ 69. Kf2 Ke8 70. Rb7 1-0

[Event "Szuperliga - GM Szabo Laszlo csoport"]
[Site "?"]
[Date "2024.11.03"]
[Round "2.5"]
[White "Szalai, Kornel"]
[Black "Acs, Peter"]
[Result "0-1"]
[WhiteElo "2370"]
[BlackElo "2585"]
[PlyCount "106"]
[EventDate "2024.11.02"]
[EventType "team-tourn"]
[EventRounds "9"]
[Source "chess.hu"]
[SourceDate "2024.11.04"]
[WhiteTeam "Duocor-Makoi SVSE"]
[BlackTeam "ASE Paks"]
[WhiteTeamCountry "HUN"]
[BlackTeamCountry "HUN"]

1. Nf3 Nf6 2. c4 g6 3. Nc3 Bg7 4. g3 O-O 5. Bg2 d6 6. O-O e5 7. d4 Nbd7 8. Qc2
exd4 9. Nxd4 Nb6 10. Rd1 Nxc4 11. Ncb5 a6 12. Nxc7 Qxc7 13. b3 Bd7 14. Bf4 Rac8
15. Qxc4 Qa5 16. Qd3 d5 17. Be5 Rfe8 18. Bxf6 Bxf6 19. e3 Rc5 20. b4 Qxb4 21.
Rab1 Qc4 22. Qa3 Bxd4 23. Rxd4 Qc2 24. Rbd1 Bc6 25. R4d2 Qc4 26. Rd4 Qb5 27.
Bf3 Rc2 28. R4d2 Qc4 29. Rxc2 Qxc2 30. Rd4 h5 31. h4 Re5 32. Kg2 Kg7 33. Qa5
Rxe3 34. Rd2 Ra3 35. Qb4 Ra4 36. Rxc2 Rxb4 37. Rc5 Ra4 38. Rc2 Ra3 39. Rd2 Kf8
40. Bd1 Ke7 41. Bb3 Kd6 42. g4 hxg4 43. Kg3 f5 44. Kf4 a5 45. Kg5 a4 46. Bc4 g3
47. Bf1 d4 48. Rxd4+ Ke5 49. Rd2 f4 50. Re2+ Be4 51. f3 Rxf3 52. Rxe4+ Kxe4 53.
Bg2 Ke5 0-1

[Event "Szuperliga - GM Szabo Laszlo csoport"]
[Site "?"]
[Date "2024.11.03"]
[Round "2.6"]
[White "Fodor, Tamas Jr"]
[Black "Tatar Kis, Szabolcs"]
[Result "1-0"]
[WhiteElo "2518"]
[BlackElo "2324"]
[PlyCount "63"]
[EventDate "2024.11.02"]
[EventType "team-tourn"]
[EventRounds "9"]
[Source "chess.hu"]
[SourceDate "2024.11.04"]
[WhiteTeam "ASE Paks"]
[BlackTeam "Duocor-Makoi SVSE"]
[WhiteTeamCountry "HUN"]
[BlackTeamCountry "HUN"]

1. d4 Nf6 2. c4 g6 3. Nc3 Bg7 4. e4 O-O 5. Be2 d6 6. Be3 e5 7. d5 Na6 8. h4 Nc5
9. Qc2 c6 10. h5 cxd5 11. cxd5 Qa5 12. h6 Bh8 13. f3 b5 14. Bxb5 Rb8 15. Bc4
Nfd7 16. b3 Nb6 17. Be2 Nxb3 18. Qxb3 Nxd5 19. Bd2 Rxb3 20. Nxd5 Qd8 21. axb3
Be6 22. Bc4 f5 23. Nh3 f4 24. Rxa7 Rf7 25. Ra6 Rd7 26. Ke2 Kf7 27. g3 g5 28.
gxf4 exf4 29. Ba5 Qg8 30. Rg1 g4 31. Nhxf4 Bd4 32. Rxg4 1-0

[Event "Szuperliga - GM Szabo Laszlo csoport"]
[Site "?"]
[Date "2024.11.03"]
[Round "2.7"]
[White "Terbe, Julianna"]
[Black "Kaczur, Florian"]
[Result "0-1"]
[WhiteElo "2225"]
[BlackElo "2509"]
[PlyCount "101"]
[EventDate "2024.11.02"]
[EventType "team-tourn"]
[EventRounds "9"]
[Source "chess.hu"]
[SourceDate "2024.11.04"]
[WhiteTeam "Duocor-Makoi SVSE"]
[BlackTeam "ASE Paks"]
[WhiteTeamCountry "HUN"]
[BlackTeamCountry "HUN"]

1. d4 Nf6 2. Nf3 d5 3. g3 Nbd7 4. Bg2 Nb6 5. a4 a5 6. Nc3 g6 7. O-O Bg7 8. Re1
Bf5 9. Nh4 Be6 10. e4 dxe4 11. Nxe4 Nxe4 12. Bxe4 c6 13. c3 O-O 14. Bg2 Qd7 15.
Nf3 Rad8 16. Bf4 Rfe8 17. Qc2 Bd5 18. Rad1 Rc8 19. b3 Qf5 20. Qxf5 gxf5 21. c4
Be4 22. Re2 Red8 23. Red2 Nd7 24. Nh4 Bxg2 25. Kxg2 e6 26. d5 cxd5 27. Nxf5 Bf8
28. Nh6+ Kg7 29. cxd5 e5 30. Be3 Kg6 31. Ng4 h5 32. Nxe5+ Nxe5 33. Bb6 Rd7 34.
Bxa5 Ng4 35. d6 Nf6 36. Bb4 Ne4 37. Rd4 f5 38. f3 Rc2+ 39. Kf1 Rf2+ 40. Kg1
Rxf3 41. Rc1 Kf7 42. Rc7 Ke6 43. Rc8 Bxd6 44. Re8+ Kf7 45. Rexe4 fxe4 46. Rxd6
Rxd6 47. Bxd6 Ke6 48. Bc7 Rxb3 49. a5 Rb2 50. h3 e3 51. Kf1 0-1

[Event "Szuperliga - GM Szabo Laszlo csoport"]
[Site "?"]
[Date "2024.11.03"]
[Round "2.8"]
[White "Krstulovic, Alex"]
[Black "Mihok-Juhasz, Barbara"]
[Result "1/2-1/2"]
[WhiteElo "2439"]
[BlackElo "2176"]
[PlyCount "100"]
[EventDate "2024.11.02"]
[EventType "team-tourn"]
[EventRounds "9"]
[Source "chess.hu"]
[SourceDate "2024.11.04"]
[WhiteTeam "ASE Paks"]
[BlackTeam "Duocor-Makoi SVSE"]
[WhiteTeamCountry "HUN"]
[BlackTeamCountry "HUN"]

1. d4 Nf6 2. Nf3 g6 3. Nc3 d5 4. Bf4 Bg7 5. Nb5 Na6 6. e3 c6 7. Nc3 Nc7 8. h3
Ne6 9. Be5 O-O 10. Bd3 b5 11. a3 a6 12. b4 a5 13. O-O Bb7 14. Nd2 Nd7 15. Bxg7
Nxg7 16. Nb3 axb4 17. axb4 e5 18. Na5 Qc7 19. dxe5 Nxe5 20. Ne2 Rfe8 21. Nd4
Ne6 22. Nab3 Nxd4 23. exd4 Rxa1 24. Qxa1 Nc4 25. Qa7 Nd6 26. Na5 h5 27. h4 Kg7
28. Ra1 Re7 29. g3 Qd7 30. Qb6 Nc8 31. Qc5 Nd6 32. Qc3 Nc4 33. Bxc4 dxc4 34.
Re1 Rxe1+ 35. Qxe1 Bc8 36. Qe5+ Kh7 37. Qf6 Bb7 38. c3 Ba8 39. Qe5 Qd5 40. Kh2
Qf3 41. Qe3 Qf5 42. Qe2 c5 43. dxc5 Bf3 44. Qe3 Bd5 45. c6 Qb1 46. f3 Qd3 47.
Qf4 Qe2+ 48. Kg1 Qe1+ 49. Kg2 Qe2+ 50. Kg1 Qe1+ 1/2-1/2

[Event "Szuperliga - GM Szabo Laszlo csoport"]
[Site "?"]
[Date "2024.11.03"]
[Round "2.9"]
[White "Farkas, Tibor"]
[Black "Bodrogi, Bendeguz"]
[Result "0-1"]
[WhiteElo "2220"]
[BlackElo "2358"]
[PlyCount "72"]
[EventDate "2024.11.02"]
[EventType "team-tourn"]
[EventRounds "9"]
[Source "chess.hu"]
[SourceDate "2024.11.04"]
[WhiteTeam "Duocor-Makoi SVSE"]
[BlackTeam "ASE Paks"]
[WhiteTeamCountry "HUN"]
[BlackTeamCountry "HUN"]

1. e4 c6 2. d4 d5 3. Nc3 dxe4 4. Nxe4 Nf6 5. Nxf6+ exf6 6. c3 Bd6 7. Bd3 O-O 8.
Be3 f5 9. Ne2 Re8 10. Qd2 Na6 11. O-O Nc7 12. c4 b5 13. b3 a5 14. Qc2 g6 15.
Rfd1 Bd7 16. g3 a4 17. Nf4 Qf6 18. c5 Bf8 19. h4 Be6 20. Bf1 Bd5 21. Nxd5 Nxd5
22. Bg5 Qe6 23. Bg2 Bg7 24. Qd2 Qd7 25. Re1 a3 26. Kf1 b4 27. Rxe8+ Rxe8 28.
Re1 Rxe1+ 29. Kxe1 Nc3 30. Be3 f4 31. Bxf4 Qxd4 32. Bd6 Qxd2+ 33. Kxd2 Nxa2 34.
Bxc6 Nc1 35. Bd7 Nxb3+ 36. Kc2 Nxc5 0-1

[Event "Szuperliga - GM Szabo Laszlo csoport"]
[Site "?"]
[Date "2024.11.03"]
[Round "2.10"]
[White "Lazarne Vajda, Szidonia"]
[Black "Meszaros-Csonka, David"]
[Result "1-0"]
[WhiteElo "2292"]
[BlackElo "1936"]
[PlyCount "130"]
[EventDate "2024.11.02"]
[EventType "team-tourn"]
[EventRounds "9"]
[Source "chess.hu"]
[SourceDate "2024.11.04"]
[WhiteTeam "ASE Paks"]
[BlackTeam "Duocor-Makoi SVSE"]
[WhiteTeamCountry "HUN"]
[BlackTeamCountry "HUN"]

1. d4 d5 2. Bf4 Nf6 3. Nc3 a6 4. e3 e6 5. Nf3 c5 6. Ne5 b5 7. Be2 Bb7 8. Bf3
Nbd7 9. O-O Qb6 10. a4 Nxe5 11. Bxe5 Be7 12. axb5 axb5 13. dxc5 Bxc5 14. Be2 b4
15. Rxa8+ Bxa8 16. Na4 Qc6 17. Nxc5 Qxc5 18. Qd4 Qxd4 19. Bxd4 O-O 20. Ra1 Bc6
21. Ra6 Rc8 22. Rb6 e5 23. Ba6 Re8 24. Bxe5 Rxe5 25. Rxc6 h6 26. g3 Re6 27.
Rc8+ Re8 28. Rc7 Ra8 29. Bd3 Rb8 30. b3 Kf8 31. Kg2 Ke8 32. h4 g6 33. Ra7 Rb6
34. Kf3 Nd7 35. Ra5 Nf6 36. g4 g5 37. hxg5 hxg5 38. Bf5 Rb7 39. Ke2 Ke7 40. Kd3
Kd6 41. Kd4 Ke7 42. Ra6 Rc7 43. Rb6 Ne4 44. Bxe4 dxe4 45. Kxe4 Rxc2 46. f3 Rc5
47. Rxb4 Ra5 48. Rb7+ Ke6 49. Rb6+ Kd7 50. b4 Ra3 51. f4 gxf4 52. exf4 Rb3 53.
Kf5 Kc7 54. Rf6 Rxb4 55. Rxf7+ Kd6 56. g5 Rb5+ 57. Kf6 Kd5 58. Re7 Rb6+ 59. Kf5
Rb8 60. g6 Kd6 61. Re1 Rf8+ 62. Kg5 Kd7 63. g7 Rg8 64. Kg6 Kd6 65. Kf7 Kd5 1-0

[Event "Szuperliga - GM Szabo Laszlo csoport"]
[Site "Mako"]
[Date "2024.12.14"]
[Round "3.1"]
[White "Sarana, Alexey"]
[Black "Mihok, Oliver"]
[Result "1-0"]
[WhiteElo "2674"]
[BlackElo "2533"]
[PlyCount "103"]
[GameId "2123349694927895"]
[EventDate "2024.11.02"]
[EventType "team-tourn"]
[EventRounds "9"]
[EventCountry "HUN"]
[Source "chess.hu"]
[WhiteTeam "Sentimento Ajka BSK"]
[BlackTeam "Duocor-Makoi SVSE"]
[WhiteTeamCountry "HUN"]
[BlackTeamCountry "HUN"]

1. d4 Nf6 2. c4 g6 3. Nc3 Bg7 4. e4 d6 5. Be2 O-O 6. Be3 e5 7. d5 Na6 8. h3 Ne8 9. g4 f5 10. Nf3 Nc5 11. Qc2 a5 12. O-O-O f4 13. Bxc5 dxc5 14. g5 Nd6 15. h4 Bg4 16. Rdg1 Bh5 17. Qd3 Qd7 18. Bf1 Kh8 19. Bh3 Qe8 20. Nd2 f3 21. Bg4 Rf4 22. Bxh5 gxh5 23. Rg3 Qf7 24. Rhh3 Rf8 25. Rxf3 Qd7 26. Kc2 Kg8 27. Rxf4 exf4 28. Rh1 Nf7 29. Qh3 Qg4 30. Nb5 Rc8 31. Nf3 Ne5 32. Nxe5 Bxe5 33. Nc3 Rf8 34. f3 Qxh3 35. Rxh3 Kf7 36. Ne2 h6 37. gxh6 Rg8 38. Rh2 Rg6 39. Nc1 Rg3 40. Nd3 Bd4 41. Nxf4 Rxf3 42. Ne6 Kg6 43. Rg2+ Kxh6 44. Nxd4 cxd4 45. e5 Re3 46. e6 c6 47. Kd2 Re5 48. Re2 Rxe2+ 49. Kxe2 Kg6 50. d6 Kf6 51. e7 Kf7 52. c5 1-0

[Event "Szuperliga - GM Szabo Laszlo csoport"]
[Site "Mako"]
[Date "2024.12.14"]
[Round "3.2"]
[White "Csonka, Balazs"]
[Black "Bacrot, Etienne"]
[Result "1/2-1/2"]
[WhiteElo "2474"]
[BlackElo "2645"]
[PlyCount "66"]
[GameId "2123349731038247"]
[EventDate "2024.11.02"]
[EventType "team-tourn"]
[EventRounds "9"]
[EventCountry "HUN"]
[Source "chess.hu"]
[WhiteTeam "Duocor-Makoi SVSE"]
[BlackTeam "Sentimento Ajka BSK"]
[WhiteTeamCountry "HUN"]
[BlackTeamCountry "HUN"]

1. d4 Nf6 2. c4 e6 3. Nf3 d5 4. g3 Bb4+ 5. Bd2 Be7 6. Bg2 O-O 7. O-O c6 8. Qc2 Nbd7 9. Bf4 Ne4 10. Nc3 g5 11. Be3 Nd6 12. b3 Nf5 13. Bd2 g4 14. Ne1 Nxd4 15. Qd1 Bf6 16. e3 Nf3+ 17. Nxf3 gxf3 18. Qxf3 dxc4 19. Qg4+ Bg7 20. Qxc4 b5 21. Qxc6 Rb8 22. Rad1 Bb7 23. Qd6 Bxg2 24. Kxg2 Ne5 25. Qxd8 Rfxd8 26. Ne2 b4 27. Nd4 Rd6 28. Rc1 Nd3 29. Rc2 Bxd4 30. exd4 Rxd4 31. Be3 Rd7 32. Rd2 e5 33. Bxa7 Rxa7 1/2-1/2

[Event "Szuperliga - GM Szabo Laszlo csoport"]
[Site "Mako"]
[Date "2024.12.14"]
[Round "3.3"]
[White "Sjugirov, Sanan"]
[Black "Kosic, Dragan"]
[Result "1-0"]
[WhiteElo "2646"]
[BlackElo "2393"]
[PlyCount "50"]
[GameId "2123349768004663"]
[EventDate "2024.11.02"]
[EventType "team-tourn"]
[EventRounds "9"]
[EventCountry "HUN"]
[Source "chess.hu"]
[WhiteTeam "Sentimento Ajka BSK"]
[BlackTeam "Duocor-Makoi SVSE"]
[WhiteTeamCountry "HUN"]
[BlackTeamCountry "HUN"]

1. e4 Nc6 2. Nf3 d6 3. d4 Nf6 4. Nc3 Bg4 5. Be3 e6 6. Be2 d5 7. e5 Nd7 8. O-O Be7 9. Ne1 Bxe2 10. Nxe2 g6 11. c3 Na5 12. Nd3 b6 13. Kh1 Qc8 14. Bh6 Qa6 15. Ng1 c5 16. Nf3 Nc6 17. Qd2 Rc8 18. Rfd1 c4 19. Nde1 Qb7 20. Nc2 Nd8 21. Bg7 Rg8 22. Qh6 Nf8 23. Ne3 b5 24. Ng4 Nc6 25. Bf6 Rh8 1-0

[Event "Szuperliga - GM Szabo Laszlo csoport"]
[Site "Mako"]
[Date "2024.12.14"]
[Round "3.4"]
[White "Kovacevic, Aleksandar"]
[Black "Banusz, Tamas"]
[Result "0-1"]
[WhiteElo "2444"]
[BlackElo "2574"]
[PlyCount "54"]
[GameId "2123349812257863"]
[EventDate "2024.11.02"]
[EventType "team-tourn"]
[EventRounds "9"]
[EventCountry "HUN"]
[Source "chess.hu"]
[WhiteTeam "Duocor-Makoi SVSE"]
[BlackTeam "Sentimento Ajka BSK"]
[WhiteTeamCountry "HUN"]
[BlackTeamCountry "HUN"]

1. e4 c5 2. Nf3 Nc6 3. Bb5 e6 4. Bxc6 bxc6 5. d3 Qc7 6. Nbd2 e5 7. Nc4 f6 8. O-O d5 9. Ne3 Be6 10. c3 Ne7 11. Nd2 Ng6 12. g3 h5 13. c4 d4 14. Nf5 Qd7 15. Qe2 Kf7 16. f4 exf4 17. gxf4 Bxf5 18. exf5 Qxf5 19. Ne4 Qg4+ 20. Kf2 Re8 21. Qf3 Nh4 22. Qg3 Nf5 23. Qf3 Qh4+ 24. Kg2 Rh6 25. Ng5+ Kg8 26. Bd2 fxg5 27. fxg5 Bd6 0-1

[Event "Szuperliga - GM Szabo Laszlo csoport"]
[Site "Mako"]
[Date "2024.12.14"]
[Round "3.5"]
[White "Prohaszka, Peter"]
[Black "Hujbert, Florian"]
[Result "1/2-1/2"]
[WhiteElo "2551"]
[BlackElo "2411"]
[PlyCount "91"]
[GameId "2123349860926551"]
[EventDate "2024.11.02"]
[EventType "team-tourn"]
[EventRounds "9"]
[EventCountry "HUN"]
[Source "chess.hu"]
[WhiteTeam "Sentimento Ajka BSK"]
[BlackTeam "Duocor-Makoi SVSE"]
[WhiteTeamCountry "HUN"]
[BlackTeamCountry "HUN"]

1. Nf3 Nf6 2. g3 b6 3. Bg2 Bb7 4. d4 c5 5. dxc5 bxc5 6. c4 g6 7. b3 Bg7 8. Bb2 O-O 9. O-O d6 10. Nc3 Ne4 11. Qc1 Nxc3 12. Bxc3 Bxc3 13. Qxc3 Nd7 14. Rfe1 Qc7 15. Rad1 Rfb8 16. h4 Nf6 17. Ng5 Bxg2 18. Kxg2 a5 19. e4 a4 20. e5 dxe5 21. Qxe5 Qxe5 22. Rxe5 axb3 23. axb3 h6 24. Ne4 Nxe4 25. Rxe4 e6 26. Rd3 Ra3 27. Ree3 Rb7 28. g4 Kf8 29. f4 Ke7 30. f5 gxf5 31. gxf5 Rb6 32. Kg3 Kf6 33. fxe6 fxe6 34. Kf4 Ra1 35. Rd7 Rb1 36. Rh7 Kg6 37. Re7 Kf6 38. Rh7 Kg6 39. Rc7 Kf6 40. Rxc5 R6xb3 41. Rxb3 Rxb3 42. Rc8 h5 43. Rc5 Rc3 44. Ke4 Rc1 45. Rxh5 Rxc4+ 46. Kf3 1/2-1/2

[Event "Szuperliga - GM Szabo Laszlo csoport"]
[Site "Mako"]
[Date "2024.12.14"]
[Round "3.6"]
[White "Horvath, Zsolt"]
[Black "Balog, Imre"]
[Result "0-1"]
[WhiteElo "2371"]
[BlackElo "2609"]
[PlyCount "146"]
[GameId "2123349897090151"]
[EventDate "2024.11.02"]
[EventType "team-tourn"]
[EventRounds "9"]
[EventCountry "HUN"]
[Source "chess.hu"]
[WhiteTeam "Duocor-Makoi SVSE"]
[BlackTeam "Sentimento Ajka BSK"]
[WhiteTeamCountry "HUN"]
[BlackTeamCountry "HUN"]

1. e4 e6 2. d4 d5 3. Nc3 Nc6 4. Nf3 Nf6 5. Bd3 Nb4 6. Bg5 Be7 7. e5 Nd7 8. Bxe7 Qxe7 9. O-O c5 10. Re1 Nc6 11. Nb5 O-O 12. c3 a6 13. Nd6 f6 14. Nxc8 Raxc8 15. exf6 Qxf6 16. Qe2 Rce8 17. Ne5 Ndxe5 18. dxe5 Qf4 19. Rad1 Re7 20. Qe3 Ref7 21. f3 c4 22. Bc2 g5 23. Rd2 Qxe3+ 24. Rxe3 g4 25. Rf2 gxf3 26. gxf3 Rf4 27. Rg2+ Kh8 28. Kf2 Rh4 29. Kg3 Rhf4 30. b3 b5 31. bxc4 Rxc4 32. Bb3 Rcf4 33. Bc2 Na5 34. Bd3 Ra4 35. Rc2 Rg8+ 36. Kf2 Rh4 37. Kf1 Rg5 38. Rf2 Rf4 39. Rb2 Nc6 40. Rbe2 h6 41. Kf2 Kg7 42. Bb1 Kf7 43. Bd3 h5 44. Bb1 Kg7 45. Bd3 Kh6 46. Bb1 Rg7 47. Bd3 Kg5 48. Re1 Kh4 49. Bf1 Ra4 50. R1e2 Ne7 51. Rb2 Nf5 52. Re1 Rc7 53. Bd3 Kg5 54. Rg1+ Kf4 55. Rg6 Rxc3 56. Bxf5 Kxf5 57. Rh6 Raa3 58. Rxh5+ Kf4 59. Rh4+ Kxe5 60. Re2+ Kf5 61. Rh5+ Kg6 62. Rh3 Rc6 63. Rg3+ Kf6 64. Rg8 Rcc3 65. Rf8+ Kg7 66. Rf4 Rc4 67. Rxc4 dxc4 68. Rxe6 Rxa2+ 69. Ke3 c3 70. h4 b4 71. Rb6 a5 72. Rb5 Rh2 73. Rxa5 b3 0-1